[Event "Mariupol CC 50th Aniversary"]
[Site "Mariupol"]
[Date "2021.06.10"]
[Round "4"]
[White "Bondar, Dmytro"]
[Black "Agudova, Olga"]
[Result "1-0"]
[WhiteElo "2274"]
[BlackElo "1942"]
[PlyCount "67"]
[EventDate "2021.06.08"]
[EventType "swiss"]
[EventRounds "9"]
[EventCountry "UKR"]
[SourceTitle "EXT 2023"]
[Source "ChessBase"]
[SourceDate "2022.10.05"]
[SourceVersion "1"]
[SourceVersionDate "2022.10.05"]
[SourceQuality "1"]

1. d4 e6 2. e4 b6 3. Bd3 Bb7 4. Nf3 h6 5. 0-0 Nf6 6. Qe2 Be7 7. e5 Nh7 8. Be4 Bxe4 9. Qxe4 c6 10. Qg4 Ng5 11. Nxg5 hxg5 12. f4 Rh4 13. Qf3 g4 14. Qe2 f5 15. exf6 Bxf6 16. c3 Ke7 17. g3 Rh3 18. Qxg4 Qh8 19. Qe2 Qh7 20. Nd2 g6 21. Nf3 a5 22. Be3 Na6 23. d5 cxd5 24. Bxb6 Qh5 25. Rad1 d4 26. Bxd4 Bxd4+ 27. Nxd4 Qxe2 28. Nxe2 Rb8 29. Rd2 Nc5 30. Nd4 Ne4 31. Re2 Rxg3+ 32. hxg3 Nxg3 33. Rff2 Nxe2+ 34. Rxe2 1-0

[Event "Mariupol CC 50th Aniversary"]
[Site "Mariupol"]
[Date "2021.06.09"]
[Round "3"]
[White "Gumeniuk, Yevgen"]
[Black "Bondar, Dmytro"]
[Result "1/2-1/2"]
[WhiteElo "1980"]
[BlackElo "2274"]
[PlyCount "87"]
[EventDate "2021.06.08"]
[EventType "swiss"]
[EventRounds "9"]
[EventCountry "UKR"]
[SourceTitle "CBM 203 Extra"]
[Source "ChessBase"]
[SourceDate "2021.09.30"]
[SourceVersion "1"]
[SourceVersionDate "2021.09.30"]
[SourceQuality "1"]

1. e4 c5 2. Nf3 Nc6 3. Bb5 g6 4. 0-0 Bg7 5. Nc3 e5 6. Bxc6 dxc6 7. d3 Bg4 8. h3 Bxf3 9. Qxf3 Nf6 10. Bg5 Qd6 11. a4 Nd7 12. a5 Nf8 13. Be3 Ne6 14. Na4 0-0 15. Qd1 f5 16. f3 f4 17. Bf2 Bf6 18. Qd2 Rfb8 19. Qc3 Be7 20. Qb3 Kg7 21. Nc3 Nd4 22. Bxd4 cxd4 23. Nb1 Qc7 24. Nd2 Bc5 25. Ra4 b5 26. axb6 axb6 27. Rfa1 Rxa4 28. Rxa4 b5 29. Ra6 Kf6 30. Qa2 Qb7 31. b4 Bb6 32. Nb3 Qf7 33. Ra8 Qb7 34. Rxb8 Qxb8 35. Qa6 Kg5 36. Kf2 Qc7 37. Qa8 c5 38. bxc5 Bxc5 39. Qd5 Be7 40. Kg1 Kh6 41. Qxb5 Qc3 42. Qa5 Bb4 43. Qxe5 Qe1+ 44. Kh2 1/2-1/2

[Event "Mykolaiv IM"]
[Site "Mykolaiv"]
[Date "2021.02.27"]
[Round "1"]
[White "Bondar, Dmytro"]
[Black "Kozak, Leonid"]
[Result "1-0"]
[WhiteElo "2254"]
[BlackElo "2244"]
[PlyCount "73"]
[EventDate "2021.02.27"]
[EventType "tourn"]
[EventRounds "9"]
[EventCountry "UKR"]
[EventCategory "1"]
[SourceTitle "EXT 2022"]
[Source "ChessBase"]
[SourceDate "2021.10.06"]
[SourceVersion "1"]
[SourceVersionDate "2021.10.06"]
[SourceQuality "1"]

1. e4 e5 2. Nf3 Nc6 3. Bb5 a6 4. Ba4 Nf6 5. 0-0 Be7 6. Re1 b5 7. Bb3 d6 8. c3 0-0 9. h3 Nb8 10. d4 Nbd7 11. Nbd2 Bb7 12. Bc2 Re8 13. Nf1 Bf8 14. Ng3 g6 15. Nh2 d5 16. Bg5 h6 17. Bxf6 Nxf6 18. dxe5 Rxe5 19. Nf3 Re8 20. e5 Nh7 21. e6 f5 22. h4 h5 23. Nd4 Qxh4 24. Ndxf5 gxf5 25. Nxf5 Qg4 26. Qd3 Nf6 27. Re3 h4 28. e7 Bg7 29. f3 Qc4 30. Qd2 Qf4 31. Qf2 Bc8 32. Nxh4 Bh6 33. Re2 Ne4 34. fxe4 Rxe7 35. Qxf4 Bxf4 36. Bb3 c6 37. Ng6 1-0

[Event "TUR-UKR Friendship U20"]
[Site "Tornelo INT"]
[Date "2021.01.17"]
[Round "1.1"]
[White "Isik, Alparslan"]
[Black "Bondar, Dmytro"]
[Result "1-0"]
[WhiteElo "2321"]
[BlackElo "2257"]
[PlyCount "73"]
[EventDate "2021.01.17"]
[EventType "team-match (rapid)"]
[EventRounds "2"]
[EventCountry "TUR"]
[SourceTitle "CBM 200 Extra"]
[Source "ChessBase"]
[SourceDate "2021.03.31"]
[SourceVersion "1"]
[SourceVersionDate "2021.03.31"]
[SourceQuality "1"]
[WhiteTeam "Turkey U20"]
[BlackTeam "Ukraine U20"]
[WhiteTeamCountry "TUR"]
[BlackTeamCountry "UKR"]

1. d4 d5 2. c4 c6 3. Nf3 Nf6 4. Nbd2 Bg4 5. e3 e6 6. Bd3 Nbd7 7. Qc2 Bd6 8. 0-0 0-0 9. h3 Bh5 10. Ng5 Bg6 11. Bxg6 hxg6 12. e4 Bf4 13. Ndf3 Bxc1 14. Raxc1 dxe4 15. Nxe4 Nxe4 16. Qxe4 Qc7 17. Rfd1 Rfd8 18. Qh4 Nf8 19. Rc3 c5 20. d5 exd5 21. cxd5 Rd7 22. b4 b6 23. bxc5 bxc5 24. Qc4 Rc8 25. Ng5 Qe5 26. Ne4 Rcd8 27. Rcd3 Rc8 28. g3 Nh7 29. Qb5 Rdd8 30. Nxc5 Nf6 31. Na6 Rd6 32. Nb4 Qb2 33. R3d2 Qe5 34. Qb7 Rcd8 35. Nc6 Qe8 36. Nxd8 Qxd8 37. Rc2 1-0

[Event "Omelnyk Grokhotov Memorial"]
[Site "Omelnyk"]
[Date "2018.01.05"]
[Round "6"]
[White "Bondar, Dmytro"]
[Black "Mirzoev, Emil"]
[Result "0-1"]
[WhiteElo "2048"]
[BlackElo "2398"]
[PlyCount "62"]
[EventDate "2018.01.03"]
[EventType "tourn"]
[EventRounds "11"]
[EventCountry "UKR"]
[SourceTitle "CBM 182 Extra"]
[Source "ChessBase"]
[SourceDate "2018.02.23"]
[SourceVersion "1"]
[SourceVersionDate "2018.02.23"]
[SourceQuality "1"]

1. e4 e6 2. d4 d5 3. Nc3 Nc6 4. e5 f6 5. exf6 Qxf6 6. Nf3 Bd6 7. Bg5 Qf7 8. Bb5 Nge7 9. Qd2 0-0 10. 0-0 Qh5 11. h3 Ng6 12. Ne2 Rxf3 13. gxf3 Qxh3 14. f4 h6 15. Qd3 Qg4+ 16. Ng3 Nf8 17. Qe3 hxg5 18. fxg5 Nxd4 19. Be2 Nxe2+ 20. Qxe2 Qxg5 21. Qh5 Qxh5 22. Nxh5 Bd7 23. Ng3 Ng6 24. Kg2 Rf8 25. b3 e5 26. c4 dxc4 27. bxc4 Bc6+ 28. Kh2 Rf4 29. Rac1 Bc5 30. Rc2 Rh4+ 31. Kg1 Nf4 0-1

[Event "Omelnyk Grokhotov Memorial"]
[Site "Omelnyk"]
[Date "2018.01.05"]
[Round "5"]
[White "Krupko, Alexey"]
[Black "Bondar, Dmytro"]
[Result "1-0"]
[WhiteElo "2256"]
[BlackElo "2048"]
[PlyCount "109"]
[EventDate "2018.01.03"]
[EventType "tourn"]
[EventRounds "11"]
[EventCountry "UKR"]
[SourceTitle "CBM 182 Extra"]
[Source "ChessBase"]
[SourceDate "2018.02.23"]
[SourceVersion "1"]
[SourceVersionDate "2018.02.23"]
[SourceQuality "1"]

1. e4 c5 2. Nf3 Nc6 3. d4 cxd4 4. Nxd4 Nf6 5. Nc3 d6 6. Bg5 e6 7. Qd2 a6 8. 0-0-0 Bd7 9. f4 h6 10. Bh4 g5 11. fxg5 Ng4 12. Be2 Nge5 13. Nf3 Be7 14. Kb1 b5 15. a3 Rb8 16. Bg3 hxg5 17. Rhf1 Rb7 18. Nxe5 Nxe5 19. Nd5 exd5 20. Bxe5 dxe5 21. Qxd5 Qc8 22. Qxf7+ Kd8 23. Bg4 Qc6 24. Qg7 Re8 25. Qxe5 Bxa3 26. Qg7 Be7 27. Rf3 Rc7 28. Rc3 Qxe4 29. Rxc7 Kxc7 30. Rxd7+ Kb8 31. Qc3 Bd8 32. Qg3+ Qf4 33. Qxf4+ gxf4 34. Bf3 Bc7 35. h4 Rh8 36. h5 Rh6 37. c3 a5 38. Kc2 b4 39. Kb3 bxc3 40. bxc3 Kc8 41. Rd5 Rb6+ 42. Ka4 Rh6 43. c4 Kb8 44. c5 Kc8 45. Kb5 Rh8 46. Be4 Rh6 47. Bf5+ Kb7 48. Bg6 Rh8 49. Rd7 Rh6 50. Rh7 Rxh7 51. Bxh7 Bd8 52. Be4+ Kc7 53. h6 Bf6 54. Kxa5 Be5 55. Kb5 1-0

[Event "Omelnyk Grokhotov Memorial"]
[Site "Omelnyk"]
[Date "2018.01.04"]
[Round "3"]
[White "Gavrish, Leonid"]
[Black "Bondar, Dmytro"]
[Result "0-1"]
[WhiteElo "2155"]
[BlackElo "2048"]
[PlyCount "70"]
[EventDate "2018.01.03"]
[EventType "tourn"]
[EventRounds "11"]
[EventCountry "UKR"]
[SourceTitle "CBM 182 Extra"]
[Source "ChessBase"]
[SourceDate "2018.02.23"]
[SourceVersion "1"]
[SourceVersionDate "2018.02.23"]
[SourceQuality "1"]

1. d4 d5 2. c4 e6 3. Nc3 c6 4. e4 dxe4 5. Nxe4 Bb4+ 6. Bd2 Qxd4 7. Bxb4 Qxe4+ 8. Be2 c5 9. Bxc5 Qxg2 10. Bf3 Qg5 11. Bd6 Ne7 12. Ne2 Nbc6 13. Nc3 0-0 14. h4 Qf6 15. Bxc6 bxc6 16. Ne4 Qg6 17. Qf3 Re8 18. 0-0-0 Qf5 19. Qg2 e5 20. Bxe7 Qf4+ 21. Rd2 Rxe7 22. Nf6+ Kh8 23. Rg1 g6 24. Nh5 Qxc4+ 25. Rc2 Qe6 26. Rxc6 Qf5 27. Qd5 Bb7 28. Qc5 Bxc6 29. Qxe7 gxh5 30. Rg5 Qf4+ 31. Kd1 Bf3+ 32. Kc2 Rc8+ 33. Kb3 Qc4+ 34. Ka3 Qa6+ 35. Kb4 Rc4+ 0-1

[Event "UKR-ch U12"]
[Site "Bucha"]
[Date "2016.05.22"]
[Round "6"]
[White "Bondar, Dmytro"]
[Black "Smirnov, Maksym"]
[Result "1-0"]
[WhiteElo "1906"]
[BlackElo "1548"]
[PlyCount "113"]
[EventDate "2016.05.18"]
[EventType "tourn"]
[EventRounds "11"]
[EventCountry "UKR"]
[SourceTitle "CBM 172 Extra"]
[Source "ChessBase"]
[SourceDate "2016.06.21"]
[SourceVersion "1"]
[SourceVersionDate "2016.06.21"]
[SourceQuality "1"]

1. e4 e5 2. Nf3 Nc6 3. Bb5 a6 4. Ba4 Nf6 5. 0-0 d6 6. Re1 Be7 7. d4 exd4 8. Nxd4 Bd7 9. Bxc6 bxc6 10. c4 c5 11. Nf3 Be6 12. Qd3 0-0 13. Nc3 Nd7 14. Bf4 Bf6 15. Rad1 Ne5 16. Nxe5 Bxe5 17. Bxe5 dxe5 18. Qe3 Qe7 19. Nd5 Bxd5 20. Rxd5 Rfd8 21. Qxc5 Qxc5 22. Rxc5 Rd2 23. Rxc7 Rxb2 24. Rd1 Rab8 25. g3 Rxa2 26. Rdd7 Rf8 27. Re7 a5 28. Rxe5 a4 29. Ra5 a3 30. e5 g6 31. Raa7 Re2 32. Rxa3 Rxe5 33. c5 Re1+ 34. Kg2 Rc1 35. c6 Kg7 36. Kf3 Kf6 37. Kf4 Ke6 38. Kg5 Kd6 39. Raa7 Rxc6 40. Rxc6+ Kxc6 41. Kf6 Rd8 42. Rxf7 Rd5 43. Rxh7 Rf5+ 44. Kxg6 Rxf2 45. g4 Kd6 46. h4 Ke6 47. g5 Rd2 48. Rh8 Ke7 49. Kg7 Rd5 50. g6 Rd6 51. h5 Ke6 52. Kh7 Kf6 53. Rf8+ Kg5 54. Ra8 Rd7+ 55. g7 Rf7 56. Rf8 Rxf8 57. gxf8Q 1-0

[Event "UKR-ch U12"]
[Site "Bucha"]
[Date "2016.05.22"]
[Round "5"]
[White "Domalchuk Jonasson, Aleksandr"]
[Black "Bondar, Dmytro"]
[Result "1/2-1/2"]
[WhiteElo "1496"]
[BlackElo "1906"]
[PlyCount "91"]
[EventDate "2016.05.18"]
[EventType "tourn"]
[EventRounds "11"]
[EventCountry "UKR"]
[SourceTitle "CBM 172 Extra"]
[Source "ChessBase"]
[SourceDate "2016.06.21"]
[SourceVersion "1"]
[SourceVersionDate "2016.06.21"]
[SourceQuality "1"]

1. d4 d5 2. c4 c6 3. Nf3 Nf6 4. e3 e6 5. b3 Nbd7 6. Nbd2 Bd6 7. Bd3 e5 8. e4 exd4 9. exd5 Qe7+ 10. Qe2 Qxe2+ 11. Bxe2 c5 12. 0-0 0-0 13. Ba3 Re8 14. Bd3 Bf8 15. Rfe1 Rxe1+ 16. Rxe1 b5 17. Ne4 b4 18. Bc1 Ba6 19. Nxf6+ Nxf6 20. Bg5 Re8 21. Bxf6 Rxe1+ 22. Nxe1 gxf6 23. g3 Kg7 24. Kg2 Bc8 25. h3 f5 26. f4 Kf6 27. Nf3 Bd6 28. Nh4 a5 29. Kf3 h6 30. g4 fxg4+ 31. hxg4 Bf8 32. Nf5 Bxf5 33. Bxf5 h5 34. Bc8 hxg4+ 35. Bxg4 Bd6 36. Bh3 d3 37. Ke3 d2 38. Kxd2 Bxf4+ 39. Kd3 Ke5 40. Bg4 f5 41. Bf3 Bg5 42. Bg2 Kf4 43. Ke2 Kg3 44. Bf3 Be7 45. Bh5 Kf4 46. Bf3 1/2-1/2

[Event "UKR-ch U12"]
[Site "Bucha"]
[Date "2016.05.20"]
[Round "3"]
[White "Bilych, Olexiy"]
[Black "Bondar, Dmytro"]
[Result "0-1"]
[WhiteElo "1886"]
[BlackElo "1906"]
[PlyCount "76"]
[EventDate "2016.05.18"]
[EventType "tourn"]
[EventRounds "11"]
[EventCountry "UKR"]
[SourceTitle "CBM 172 Extra"]
[Source "ChessBase"]
[SourceDate "2016.06.21"]
[SourceVersion "1"]
[SourceVersionDate "2016.06.21"]
[SourceQuality "1"]

1. e4 c6 2. d4 d5 3. exd5 cxd5 4. Bd3 Nc6 5. c3 Qc7 6. h3 g6 7. Nf3 Bf5 8. 0-0 Bxd3 9. Qxd3 Bg7 10. Bg5 Nf6 11. Nbd2 e6 12. Rfe1 0-0 13. b4 Rac8 14. a4 h6 15. Bxf6 Bxf6 16. Rac1 Bg7 17. Nb3 b6 18. b5 Ne7 19. Nbd2 Nf5 20. c4 dxc4 21. Rxc4 Qd7 22. Rec1 Rxc4 23. Rxc4 Rd8 24. Nb3 e5 25. d5 Nd6 26. Nxe5 Bxe5 27. Rc1 Nf5 28. Rd1 Qd6 29. Qc4 Ne7 30. Nc1 Rc8 31. Qe4 f5 32. Qe2 Rc5 33. Re1 Rxd5 34. f4 Bf6 35. Qf3 Kg7 36. Kh2 Rd4 37. Ne2 Rxa4 38. Qb3 Ra3 0-1